000 01362namaa22003251i 4500
005 20260602131814.0
008 260602s1995 ua a|||frm||| 000 0 eng d
040 _aEG-GICUC
_beng
_cEG-GICUC
_dEG-GICUC
_erda
041 0 _aeng
_beng
_bara
049 _aDeposit
097 _aM.Sc
099 _aCai01.13.10.M.Sc.1995.Sh.G
100 0 _aSherif Mohamed Salah Elde Sedky,
_epreparation.
245 1 0 _aGeneration of Localized Waves Using Dynamic Apertures /
_cBy Sherif Mohamed Salah Elde Sedky ; Supervision Prof. Dr. Fawzia M. M. Taiel, Dr. Amr M. A. Shaarawi, Dr. Borham M. El-Adarousy
246 1 5 _aتوليد الموجات المتشر ذمة من مصدر ديناميكي
264 0 _c1995.
300 _a262 pages
_billustrations
_c25 cm. +
336 _2rda content
_atext
337 _2rdamedia
_aUnmediated
338 _2rdacarrier
_avolume
502 _aThesis (M.Sc.)-Cairo University, 1995
504 _aBibliography: pages 254-262
653 0 _aDynamic Apertures
700 0 _aFawzia M. M. Taiel
_ethesis advisor.
700 0 _aAmr M. A. Shaarawi
_ethesis advisor.
700 0 _aBorham M. El-Adarousy
_ethesis advisor.
900 _DDepartment of Engineering Math & Physics
_FFaculty of Engineering
_UCairo University
_b1995
_cFawzia M. M. Taiel
_cAmr M. A. Shaarawi
_cBorham M. El-Adarousy
905 _aNehad
942 _2ddc
_cTH
_e21
_n0
999 _c180342